000
00336nam a2200145Ia 4500
100
_a
IIT/Bombay
490
_v
1
942
_c
RB
654
_a
conference
245
_a
Collection of papers to be presented in the 8th AIMTDR conference
260
_b
IIT
_a
Bombay
_c
1978
082
_a
621.902
_b
IIT
300
_a
260
546
_a
ENGLISH
999
_c
21957
_d
21957